000 00544nam a2200193Ia 4500
005 20250423100919.0
008 250422s9999 xx 000 0 und d
020 _a978142069217
050 _aTR 850 .Z48/
100 _aZettl, Herbert
245 0 _aSight sound motion: applied media aesthetics
250 _a6th ed.
260 _aBoston
260 _bWadsworth Cengage Learning
260 _c2021
300 _a422 p
650 _a Cinematography. Motion pictures--Production and direction. Motion pictures--Aesthetics.
942 _cBK
999 _c34727
_d34727